| 000 | 00413nam a2200169Ia 4500 | ||
|---|---|---|---|
| 001 | 9886 | ||
| 003 | IN-NITTTR | ||
| 005 | 20251114233052.0 | ||
| 008 | 251113s9999||||xx |||||||||||||| ||eng|| | ||
| 040 | _beng | ||
| 040 | _cIN-NITTTR | ||
| 041 | _aeng | ||
| 082 | _a370.78 J635R | ||
| 100 | _aJohnson, M. Clemens | ||
| 245 | 2 |
_aA review of research methods in education / _cJohnson, M. Clemens |
|
| 942 |
_2ddc _cBK |
||
| 999 |
_c12523 _d12523 |
||